❤️Top 10 countries that make love❤️ - Statistics

General Stats
  • This quiz has been taken 6 times
  • The average score is 5 of 10
Answer Stats
Hint Answer % Correct
Europe Spain
83%
Asia China
67%
Europe Italy
67%
South America Brazil
50%
Europe Greece
50%
Europe Switzerland
50%
Europe Germany
33%
Asia Russia
33%
Asia Malaysia
17%
Europe Poland
0%
No matching quizzes found
Score Distribution
Percent of People with Each Score
Percentile by Number Answered
Your Score History
You have not taken this quiz